[Event "Time flies like an arrow—fruit flies like a banana"]
[Site "SchemingMind.com"]
[Date "2012.07.31"]
[Round "-"]
[White "GreeneKing"]
[Black "clario"]
[Result "0-1"]
[WhiteCountry "SCO"]
[BlackCountry "RSA"]
[WhiteElo "1771"]
[WhiteRD "72"]
[BlackElo "2101"]
[BlackRD "70"]
[GameID "315122"]

1. e4 c5 2. Nf3 d6 3. d4 cxd4 4. Nxd4 Nf6 5. Nc3 a6 6. Be3 e6 7. Qd2 b5 8. f3 Nbd7 9. O-O-O Bb7 10. g4 Nb6
11. Qf2 Nfd7 12. h4 Rc8 13. Ndxb5 axb5 14. Bxb5 Bc6 15. Rd2 Bxb5 16. Nxb5 Nc4 17. Rd3 Qa5 18. Na3 d5 19. Bd2 Qa4 20. Qd4 Bd6
21. exd5 Be5 22. Qe4 Bxb2+ 23. Kd1 Bxa3 24. dxe6 Nf6 25. exf7+ Kxf7 26. Qb7+ Be7 27. Re1 Rhe8 28. Rxe7+ Rxe7 29. Qxc8 Nb2+
0-1

[Event "Time flies like an arrow—fruit flies like a banana"]
[Site "SchemingMind.com"]
[Date "2012.07.27"]
[Round "-"]
[White "GreeneKing"]
[Black "tyler_ensor"]
[Result "1-0"]
[WhiteCountry "SCO"]
[BlackCountry "CAN"]
[WhiteElo "1894"]
[WhiteRD "75"]
[BlackElo "1967"]
[BlackRD "83"]
[GameID "315123"]

1. e4 c5 2. Nf3 d6 3. d4 cxd4 4. Nxd4 Nf6 5. Nc3 g6 6. Be3 Bg7 7. Be2 O-O 8. Qd2 Nc6 9. Nxc6 bxc6 10. Bh6 Bxh6
11. Qxh6 Rb8 12. Rb1 Ba6 13. Bxa6 Qa5 14. O-O Qxa6 15. Qd2 Rb6 16. b3 Qa5 17. Rfd1 Qe5 18. f4 Qe6 19. Re1 Rfb8 20. f5 Qe5
21. a3 Ng4 22. g3 Qc5+ 23. Kg2 Qxa3 24. Na4 Rb5 25. fxg6 hxg6 26. h3 Nf6 27. Qe3 Qb4 28. Qxa7 R8b7 29. Qe3 Re5 30. Nc3 d5
31. Rbd1 Nxe4 32. Rd4 Qd6 33. Nxe4 Rxe4 34. Qxe4 dxe4 35. Rxd6 exd6 36. Rxe4 Kf8 37. Kf3 d5 38. Rd4 Re7 39. c4 dxc4 40. Rxc4 Re6
41. Kf4 Ke7 42. Re4= Rxe4+ 43. Kxe4 Kd6 44. b4 f6 45. h4 Ke7 46. g4 Ke6 47. h5 Ke7 48. hxg6 Ke6 49. Kd4
1-0

[Event "Time flies like an arrow—fruit flies like a banana"]
[Site "SchemingMind.com"]
[Date "2012.07.27"]
[Round "-"]
[White "GreeneKing"]
[Black "Scooter"]
[Result "0-1"]
[WhiteCountry "SCO"]
[BlackCountry "USA"]
[WhiteElo "1892"]
[WhiteRD "71"]
[BlackElo "1806"]
[BlackRD "47"]
[GameID "315124"]

1. e4 c6 2. d4 d5 3. Nc3 dxe4 4. Nxe4 Bf5 5. Ng3 Bg6 6. h4 h6 7. h5 Bh7 8. Nf3 Nd7 9. Bd3 Bxd3 10. Qxd3 Qc7
11. Bd2 Ngf6 12. O-O O-O-O 13. Qb3 e6 14. Qa4 Kb8 15. Ba5 Nb6 16. Qb3 Bd6 17. c4 c5 18. Bxb6 Qxb6 19. Ne5 Qxb3 20. axb3 Bxe5
21. dxe5 Nd7 22. Ne4 Nxe5 23. Nxc5 Nd3 24. Na4 Nf4 25. g4 Rd2 26. c5 Rhd8 27. b4 Nd3 28. Rad1 Nxb4 29. Rxd2 Rxd2 30. Kg2 Nd3
31. b3 Rc2 32. Kf3 Nxc5 33. Nxc5 Rxc5 34. Re1 Rc3+ 35. Re3 Rxe3+ 36. Kxe3 Kc7 37. Kd4 Kd6 38. f4 b5 39. b4 g6 40. Ke4 gxh5
41. gxh5 f5+ 42. Kd4 a6 43. Ke3 Kd5 44. Kd3 e5 45. fxe5 Kxe5 46. Ke3 f4+ 47. Kd3 Kf5 48. Kd4 Kg4
0-1

[Event "Time flies like an arrow—fruit flies like a banana"]
[Site "SchemingMind.com"]
[Date "2012.07.27"]
[Round "-"]
[White "GreeneKing"]
[Black "Holty"]
[Result "1/2-1/2"]
[WhiteCountry "SCO"]
[BlackCountry "ENG"]
[WhiteElo "1892"]
[WhiteRD "71"]
[BlackElo "1742"]
[BlackRD "59"]
[GameID "315125"]

1. e4 e5 2. Nf3 Nf6 3. d4 Nxe4 4. Bd3 d5 5. Nxe5 Bd6 6. Bxe4 dxe4 7. O-O O-O 8. Nc3 f6 9. Nc4 Bf5 10. Ne3 Bg6
11. d5 a6 12. a3 Nd7 13. b4 f5 14. Nc4 Re8 15. Nxd6 cxd6 16. Ne2 Nb6 17. Qd4 Na4 18. Be3 Rc8 19. c4 b6 20. Nc3 Nb2
21. Qxb6 Qxb6 22. Bxb6 Nxc4 23. Bd4 Bf7 24. Rfc1 Nd2 25. Na4 Rxc1+ 26. Rxc1 Nb3 27. Rd1 Bh5 28. f3 exf3 29. Bf2 fxg2 30. Rd3 Nc1
31. Re3 Ne2+ 32. Kxg2 Nf4+ 33. Kg3 Rxe3+ 34. Bxe3 Nxd5 35. Bf4 Nxf4 36. Kxf4 Bg4 37. Nb6 g6 38. Nc8 Kf7 39. Nxd6+ Ke6 40. Ne4 h6
41. Nc5+ Kd5 42. Nxa6 g5+ 43. Ke3 f4+ 44. Kf2 Bd7 45. Nc5 Bc6 46. Ke2 Kc4 47. Kd2 f3 48. Ke3 h5 49. Nd3 Bb5 50. Ne5+ Kb3
51. Nxf3 Kxa3 52. Nxg5 Kxb4 53. h4 Bd7 54. Ne4 Be8 55. Kf4 Ba4 56. Kg5 Bd1 57. Ng3 Kc5 58. Nxh5 Kd6 59. Nf6 Ke7 60. Ng4 Kf8
61. h5 Bxg4= 62. Kxg4 Kg7 63. Kg5=
1/2-1/2

[Event "Time flies like an arrow—fruit flies like a banana"]
[Site "SchemingMind.com"]
[Date "2012.07.28"]
[Round "-"]
[White "GreeneKing"]
[Black "Michal Drus"]
[Result "1-0"]
[WhiteCountry "SCO"]
[BlackCountry "POL"]
[WhiteElo "1892"]
[WhiteRD "71"]
[BlackElo "1645"]
[BlackRD "57"]
[GameID "315126"]

1. e4 c6 2. d4 d5 3. Nc3 b5 4. exd5 b4 5. Ne4 cxd5 6. Bb5+ Bd7 7. Bxd7+ Nxd7 8. Ng3 Ngf6 9. Nf3 Ne4 10. Nxe4 dxe4
11. Ng5 Nf6 12. O-O h6 13. Nh3 e6 14. a4 Nd5 15. Qe2 Bd6 16. Qxe4 Qc7 17. f4 f5 18. Qxe6+ Ne7 19. c4 Rf8 20. c5 Rf6
21. Qe2 Bxf4 22. Bxf4 Qd7 23. Bd6 g5 24. Rfe1 Rf7 25. Qh5
1-0

[Event "Time flies like an arrow—fruit flies like a banana"]
[Site "SchemingMind.com"]
[Date "2012.07.27"]
[Round "-"]
[White "lea_dc"]
[Black "GreeneKing"]
[Result "0-1"]
[WhiteCountry "ARG"]
[BlackCountry "SCO"]
[WhiteElo "1719"]
[WhiteRD "89"]
[BlackElo "1888"]
[BlackRD "73"]
[GameID "315127"]

1. e4 e5 2. Nf3 Nc6 3. Bb5 a6 4. Ba4 Nf6 5. O-O Be7 6. Re1 b5 7. Bb3 O-O 8. c3 d5 9. exd5 Nxd5 10. Nxe5 Nxe5
11. Rxe5 Nf4 12. Qf3 Bd6 13. Re1 Re8 14. Rf1 Ne2+ 15. Kh1 Bxh2 16. g3 Qd7 17. d4 Bxg3
0-1

[Event "Time flies like an arrow—fruit flies like a banana"]
[Site "SchemingMind.com"]
[Date "2012.07.31"]
[Round "-"]
[White "clario"]
[Black "GreeneKing"]
[Result "1-0"]
[WhiteCountry "RSA"]
[BlackCountry "SCO"]
[WhiteElo "2101"]
[WhiteRD "70"]
[BlackElo "1771"]
[BlackRD "72"]
[GameID "315128"]

1. d4 Nf6 2. c4 e6 3. Nc3 Bb4 4. Qc2 c5 5. dxc5 Bxc5 6. Nf3 b6 7. Bg5 h6 8. Bh4 Bb7 9. e4 g5 10. Bg3 Nh5
11. Qd2 Nxg3 12. hxg3 Be7 13. Nh2 Nc6 14. O-O-O Rc8 15. Ng4 h5 16. Nb5 Nb8 17. Qc3 f6 18. Nxf6+ Bxf6 19. Nd6+ Ke7 20. e5 Bg7
21. Nxb7 Qc7 22. Qb4+ Kf7 23. Nd6+ Kg6 24. Bd3+ Kh6 25. Nf7#
1-0

[Event "Time flies like an arrow—fruit flies like a banana"]
[Site "SchemingMind.com"]
[Date "2012.07.27"]
[Round "-"]
[White "tyler_ensor"]
[Black "GreeneKing"]
[Result "1-0"]
[WhiteCountry "CAN"]
[BlackCountry "SCO"]
[WhiteElo "2052"]
[WhiteRD "83"]
[BlackElo "1797"]
[BlackRD "79"]
[GameID "315129"]

1. b3 e5 2. Bb2 Nc6 3. e3 a6 4. c4 Nf6 5. d4 Bb4+ 6. Nd2 Ne4 7. Nf3 exd4 8. exd4 Qf6 9. Qe2 Qf5 10. d5 Ne7
11. Bxg7 Rg8 12. Bb2 d6 13. a3 Bxd2+ 14. Nxd2 Nxd2 15. Qxd2 Qe4+ 16. Qe2 Qxe2+ 17. Kxe2 b5 18. g3 Rb8 19. Kd2 Bd7 20. Re1 Kf8
21. Bd3 Bf5 22. Bf6 Bxd3 23. Bxe7+ Kg7 24. Kxd3 bxc4+ 25. Kxc4 Kg6 26. Bh4 Rb5 27. b4 c6 28. dxc6 Rc8 29. Kb3 Rxc6 30. Rc1 Rcb6
31. Rhe1 d5 32. Rc7 a5 33. Be7 Rb7 34. Rxb7 Rxb7 35. a4 Kf5 36. b5 Kg4 37. f4 Rd7 38. Bf6 d4 39. Rd1 d3 40. Kc3
1-0

[Event "Time flies like an arrow—fruit flies like a banana"]
[Site "SchemingMind.com"]
[Date "2012.07.27"]
[Round "-"]
[White "Scooter"]
[Black "GreeneKing"]
[Result "1/2-1/2"]
[WhiteCountry "USA"]
[BlackCountry "SCO"]
[WhiteElo "1806"]
[WhiteRD "47"]
[BlackElo "1892"]
[BlackRD "71"]
[GameID "315130"]

1. d4 Nf6 2. Nf3 e6 3. Bg5 b6 4. e3 Bb7 5. Nbd2 Be7 6. Be2 O-O 7. O-O d6 8. c4 c5 9. b3 h6 10. Bh4 Nbd7
11. Re1 Ne4 12. Bxe7 Qxe7 13. Nxe4 Bxe4 14. Bd3 Nf6 15. Bxe4 Nxe4 16. d5 e5 17. Qc2 f5 18. Nd2 Qh4 19. Nxe4 fxe4 20. Qe2 Rf6
21. a3 Qg5 22. b4 Raf8 23. Rf1 h5 24. bxc5 bxc5 25. Rab1 Rg6 26. g3 Rgf6 27. Rb7 h4 28. Rxa7 hxg3 29. hxg3 Rf3 30. a4 Qh5
31. Qc2 Qg4 32. a5 R8f6 33. Kg2 Rg6 34. Ra8+ Kf7 35. Qa4 Qxg3+ 36. fxg3 Rxg3+ 37. Kh2=
1/2-1/2

[Event "Time flies like an arrow—fruit flies like a banana"]
[Site "SchemingMind.com"]
[Date "2012.07.27"]
[Round "-"]
[White "Holty"]
[Black "GreeneKing"]
[Result "0-1"]
[WhiteCountry "ENG"]
[BlackCountry "SCO"]
[WhiteElo "1742"]
[WhiteRD "65"]
[BlackElo "1888"]
[BlackRD "73"]
[GameID "315131"]

1. d4 Nf6 2. Nf3 e6 3. Bg5 b6 4. Nbd2 Bb7 5. e4 h6 6. e5 hxg5 7. exf6 Qxf6 8. Be2 d6 9. O-O g4 10. Ne1 Qh4
0-1

[Event "Time flies like an arrow—fruit flies like a banana"]
[Site "SchemingMind.com"]
[Date "2012.07.27"]
[Round "-"]
[White "Michal Drus"]
[Black "GreeneKing"]
[Result "0-1"]
[WhiteCountry "POL"]
[BlackCountry "SCO"]
[WhiteElo "1645"]
[WhiteRD "57"]
[BlackElo "1892"]
[BlackRD "71"]
[GameID "315132"]

1. e4 e5 2. Nf3 Nc6 3. d4 exd4 4. Nxd4 Nge7 5. Bb5 Nxd4 6. Qxd4 c6 7. Be2 d5 8. Bf4 Qa5+ 9. Nc3 Ng6 10. exd5 Nxf4
11. Qxf4 cxd5 12. Bb5+ Bd7 13. Qe5+ Be7 14. Qxg7 O-O-O 15. Bxd7+ Kxd7 16. Qxf7 Kc8 17. Qxe7 Rhe8 18. Qxe8 Rxe8+ 19. Kd2 d4 20. a3 Qg5+
21. Kd3 dxc3 22. Kxc3 Qc5+ 23. Kb3 Re2 24. c3 Qb5+
0-1